लक्ष्मण-रेखा / (Record no. 48493)

MARC details
000 -LEADER
fixed length control field 03931nam a22004097a 4500
005 - DATE AND TIME OF LATEST TRANSACTION
control field 2010101908158.0
010 ## - LCCN (DPL NO)
LC control number HIN-90910 B-437184-195
020 ## - INTERNATIONAL STANDARD BOOK NUMBER
International Standard Book Number 9788190844494
Terms of availability 200.00
035 ## - SYSTEM CONTROL NUMBER
System control number HN-63256
035 ## - SYSTEM CONTROL NUMBER
System control number B-437184-195
037 ## - SOURCE OF ACQUISITION
Source of stock number/acquisition DBAD / PUB
037 ## - SOURCE OF ACQUISITION
Source of stock number/acquisition एलाईड पब्लिशर्स
082 ## - DEWEY DECIMAL CLASSIFICATION NUMBER
Classification number
100 ## - MAIN ENTRY--PERSONAL NAME
Personal name मोरवाल, भगवानदास
245 ## - TITLE STATEMENT
Title लक्ष्मण-रेखा /
Statement of responsibility, etc भगवानदास मोरवाल
246 ## - VARYING FORM OF TITLE
Title proper/short title Lakshman rekha
Remainder of title by Bhagwandas Morwal
260 ## - PUBLICATION, DISTRIBUTION, ETC. (IMPRINT)
Place of publication, distribution, etc नई दिल्ली
Name of publisher, distributor, etc सनफ्लावर बुक्स
Date of publication, distribution, etc 2010
270 ## - ADDRESS
Address 4790-61, (द्वितीय तल) 23, अंसारी रोड, दरियागंज
City नई दिल्ली
Postal code 110002
300 ## - PHYSICAL DESCRIPTION
Extent 128पृ.
Dimensions 22सेमी (सजिल्द)
700 ## - ADDED ENTRY--PERSONAL NAME
9 (RLIN) 23660
700 ## - ADDED ENTRY--PERSONAL NAME
9 (RLIN) 24008
942 ## - ADDED ENTRY ELEMENTS (KOHA)
Source of classification or shelving scheme Dewey Decimal Classification
Item type Hindi Books
Classification part
Call number suffix मोरवा
Holdings
Withdrawn status Lost status Not for loan Collection code Home library Current library Date acquired Source of acquisition Cost, normal purchase price Full call number Barcode Copy number Cost, replacement price Koha item type
      Fiction Bawana Bawana 12/07/2011 एलाईड पब्लिशर्स /2962/29.3.11/80/15.3.11/31.3.11 200.00 क मोरवा B-437192 1 200.00 Hindi Books
      Fiction Bawana Bawana 12/07/2011 एलाईड पब्लिशर्स /2962/29.3.11/80/15.3.11/31.3.11 200.00 क मोरवा B-437194 1 200.00 Hindi Books
      Fiction Central Jail Tihar Central Jail Tihar 12/07/2011 एलाईड पब्लिशर्स /2962/29.3.11/80/15.3.11/31.3.11 200.00 क मोरवा B-437188 1 200.00 Hindi Books
      Fiction Central Library Central Library 12/07/2011 एलाईड पब्लिशर्स /2962/29.3.11/80/15.3.11/31.3.11 200.00 क मोरवा B-437184 2 200.00 Hindi Books
      Fiction Central Library Central Library 12/07/2011 एलाईड पब्लिशर्स /2962/29.3.11/80/15.3.11/31.3.11 200.00 क मोरवा B-437185 2 200.00 Hindi Books
    Not For Loan Fiction D.B.Act.Division D.B.Act.Division 27/10/2010 DBAD / PUB 200.00 क मोरवा HN-63256 1 200.00 Hindi Books
      Fiction Janak Puri Janak Puri 12/07/2011 एलाईड पब्लिशर्स /2962/29.3.11/80/15.3.11/31.3.11 200.00 क मोरवा B-437189 1 200.00 Hindi Books
      Fiction Narela Narela 12/07/2011 एलाईड पब्लिशर्स /2962/29.3.11/80/15.3.11/31.3.11 200.00 क मोरवा B-437193 1 200.00 Hindi Books
      Fiction Patel Nagar Patel Nagar 12/07/2011 एलाईड पब्लिशर्स /2962/29.3.11/80/15.3.11/31.3.11 200.00 क मोरवा B-437186 1 200.00 Hindi Books
      Fiction Sarojini Nagar Sarojini Nagar 12/07/2011 एलाईड पब्लिशर्स /2962/29.3.11/80/15.3.11/31.3.11 200.00 क मोरवा B-437190 2 200.00 Hindi Books
      Fiction Sarojini Nagar Sarojini Nagar 12/07/2011 एलाईड पब्लिशर्स /2962/29.3.11/80/15.3.11/31.3.11 200.00 क मोरवा B-437191 2 200.00 Hindi Books
      Fiction Shahdara Branch Shahdara Branch 12/07/2011 एलाईड पब्लिशर्स /2962/29.3.11/80/15.3.11/31.3.11 200.00 क मोरवा B-437195 1 200.00 Hindi Books
      Fiction Tri Nagar Tri Nagar 12/07/2011 एलाईड पब्लिशर्स /2962/29.3.11/80/15.3.11/31.3.11 200.00 क मोरवा B-437187 1 200.00 Hindi Books

© Delhi Public Library
Hit Counter
free hit counter